Introducción a la informática (Registro nro. 3022)

Detalles MARC
000 -CABECERA
campo de control de longitud fija 00799aam a2200289 4500
000 - CABECERA
campo de control de longitud fija
005 - FECHA Y HORA DE ACTUALIZACIÓN
campo de control 20250721173454.0
008 - LONGITUD FIJA
campo de control de longitud fija 150624b2013 xxu||||| |||| 00| 0 spa d
041 ## - IDIOMA
Código de idioma del texto/pista de sonido o título separado
082 ## - CLASIFICACIÓN DECIMAL DEWEY
Número de clasificación 004.1 P715i
100 ## - AUTOR PERSONAL
Nombre de persona Plasencia López, Zoe
245 ## - TÍTULO PROPIAMENTE DICHO
Título Introducción a la informática
260 ## - PIE DE IMPRENTA
Lugar de publicación, distribución, etc. España
Nombre del editor, distribuidor, etc. Anaya
Fecha de publicación, distribución, etc. 2013
300 ## - DESCRIPCIÓN FÍSICA
Extensión 352 páginas
650 ## - Materia General
Materia general INFORMÁTICA
650 ## - Materia General
Materia general COMPUTADORAS
650 ## - Materia General
Materia general HISTORIA DE LA INFORMÁTICA
650 ## - Materia General
Materia general ORDENADORES
650 ## - Materia General
Materia general HARDWARE
650 ## - Materia General
Materia general SISTEMAS OPERATIVOS
650 ## - Materia General
Materia general OFIMÁTICA
650 ## - Materia General
Materia general MULTIMEDIA
650 ## - Materia General
Materia general REDES DE COMPUTADORES
650 ## - Materia General
Materia general INTERNET
650 ## - Materia General
Materia general SEGURIDAD INFORMÁTICA
942 ## - Punto de Acceso Adicional Koha
Tipo de ítem Koha Libro
Existencias
Estado perdido Estado dañado No para préstamo Biblioteca permanente Biblioteca actual Signatura completa Código de barras Precio efectivo a partir del Tipo de ítem
      Departamento de Biblioteca y Documentación Alfonso Chase Brenes Departamento de Biblioteca y Documentación Alfonso Chase Brenes 004.1 P715i 17741 11/08/2016 Libro
      Departamento de Biblioteca y Documentación Alfonso Chase Brenes Departamento de Biblioteca y Documentación Alfonso Chase Brenes 004.1 P715i 17742 11/08/2016 Libro
      Departamento de Biblioteca y Documentación Alfonso Chase Brenes Departamento de Biblioteca y Documentación Alfonso Chase Brenes 004.1 P715i 17743 11/08/2016 Libro
      Departamento de Biblioteca y Documentación Alfonso Chase Brenes Departamento de Biblioteca y Documentación Alfonso Chase Brenes 004.1 P715i 17744 11/08/2016 Libro
      Departamento de Biblioteca y Documentación Alfonso Chase Brenes Departamento de Biblioteca y Documentación Alfonso Chase Brenes 004.1 P715i 17745 11/08/2016 Libro